<?xml version="1.0" encoding="UTF-8"?>
<record
    xmlns:xsi="http://www.w3.org/2001/XMLSchema-instance"
    xsi:schemaLocation="http://www.loc.gov/MARC21/slim http://www.loc.gov/standards/marcxml/schema/MARC21slim.xsd"
    xmlns="http://www.loc.gov/MARC21/slim">

  <leader>01045nas a2200277 454500</leader>
  <controlfield tag="001">28865</controlfield>
  <controlfield tag="005">20260407193507.0</controlfield>
  <controlfield tag="008">260407s1980####ag###########|||spa#d</controlfield>
  <controlfield tag="003">AR-UNSa-BCEJYS</controlfield>
  <datafield tag="040" ind1=" " ind2=" ">
    <subfield code="a">AR-UNSa-BCEJYS</subfield>
    <subfield code="b">spa</subfield>
    <subfield code="c">AR-UNSa-BCEJYS</subfield>
  </datafield>
  <datafield tag="080" ind1=" " ind2=" ">
    <subfield code="a">330</subfield>
    <subfield code="x">Econom&#xED;a en general</subfield>
  </datafield>
  <datafield tag="245" ind1="1" ind2="0">
    <subfield code="a">Balance preliminar de las econom&#xED;as de Am&#xE9;rica Latina y el Caribe</subfield>
  </datafield>
  <datafield tag="022" ind1=" " ind2=" ">
    <subfield code="a">1014-7810</subfield>
  </datafield>
  <datafield tag="264" ind1=" " ind2="1">
    <subfield code="a">Santiago de Chile :</subfield>
    <subfield code="b">CEPAL (Comisi&#xF3;n Econ&#xF3;mica para Am&#xE9;rica Latina y el Caribe)</subfield>
    <subfield code="c">1980</subfield>
  </datafield>
  <datafield tag="310" ind1=" " ind2=" ">
    <subfield code="a">Frecuencia: Anual</subfield>
  </datafield>
  <datafield tag="041" ind1=" " ind2=" ">
    <subfield code="a">spa</subfield>
  </datafield>
  <datafield tag="942" ind1=" " ind2=" ">
    <subfield code="c">SER</subfield>
  </datafield>
  <datafield tag="590" ind1=" " ind2=" ">
    <subfield code="a">niveau_biblio:s niveau_hierar:1</subfield>
  </datafield>
  <datafield tag="100" ind1="1" ind2=" ">
    <subfield code="a">Naciones Unidas. Comisi&#xF3;n Econ&#xF3;mica para Am&#xE9;rica Latina y el Caribe (CEPAL)</subfield>
  </datafield>
  <datafield tag="650" ind1=" " ind2=" ">
    <subfield code="a">Am&#xE9;rica Latina</subfield>
  </datafield>
  <datafield tag="650" ind1=" " ind2=" ">
    <subfield code="a">Caribe</subfield>
  </datafield>
  <datafield tag="650" ind1=" " ind2=" ">
    <subfield code="a">Condiciones econ&#xF3;micas</subfield>
  </datafield>
  <datafield tag="650" ind1=" " ind2=" ">
    <subfield code="a">Datos estad&#xED;sticos</subfield>
  </datafield>
  <datafield tag="650" ind1=" " ind2=" ">
    <subfield code="a">Crecimiento econ&#xF3;mico</subfield>
  </datafield>
  <datafield tag="856" ind1="4" ind2="1">
    <subfield code="u">https://biblioeco.unsa.edu.ar/pmb/images/revistas/Balance preliminar de la economias de Am?rica Latina y el Caribe r13936.jpg</subfield>
    <subfield code="y">Imagen de portada</subfield>
    <subfield code="q">image/jpeg</subfield>
  </datafield>
  <datafield tag="999" ind1=" " ind2=" ">
    <subfield code="c">8661</subfield>
    <subfield code="d">8661</subfield>
  </datafield>
  <datafield tag="952" ind1=" " ind2=" ">
    <subfield code="0">0</subfield>
    <subfield code="1">0</subfield>
    <subfield code="4">0</subfield>
    <subfield code="7">0</subfield>
    <subfield code="a">BCEJYS</subfield>
    <subfield code="b">BCEJYS</subfield>
    <subfield code="c">17</subfield>
    <subfield code="d">2011-01-01</subfield>
    <subfield code="h">ene./dic. 2011</subfield>
    <subfield code="l">0</subfield>
    <subfield code="o">H330 BAL 2011</subfield>
    <subfield code="p">R13972</subfield>
    <subfield code="r">2026-04-10 16:08:48</subfield>
    <subfield code="w">2026-04-10</subfield>
    <subfield code="y">RN</subfield>
  </datafield>
  <datafield tag="952" ind1=" " ind2=" ">
    <subfield code="0">0</subfield>
    <subfield code="1">0</subfield>
    <subfield code="4">0</subfield>
    <subfield code="7">0</subfield>
    <subfield code="a">BCEJYS</subfield>
    <subfield code="b">BCEJYS</subfield>
    <subfield code="c">17</subfield>
    <subfield code="d">2011-01-01</subfield>
    <subfield code="h">ene./dic. 2011</subfield>
    <subfield code="l">0</subfield>
    <subfield code="o">H330 BAL 2011 Ej.2</subfield>
    <subfield code="p">R13975</subfield>
    <subfield code="r">2026-04-10 16:08:48</subfield>
    <subfield code="w">2026-04-10</subfield>
    <subfield code="y">RN</subfield>
  </datafield>
  <datafield tag="952" ind1=" " ind2=" ">
    <subfield code="0">0</subfield>
    <subfield code="1">0</subfield>
    <subfield code="4">0</subfield>
    <subfield code="7">0</subfield>
    <subfield code="a">BCEJYS</subfield>
    <subfield code="b">BCEJYS</subfield>
    <subfield code="c">17</subfield>
    <subfield code="d">2008-01-01</subfield>
    <subfield code="h">ene./dic. 2008</subfield>
    <subfield code="l">0</subfield>
    <subfield code="o">H330 BAL 2008</subfield>
    <subfield code="p">R13971</subfield>
    <subfield code="r">2026-04-10 16:08:48</subfield>
    <subfield code="w">2026-04-10</subfield>
    <subfield code="y">RN</subfield>
  </datafield>
  <datafield tag="952" ind1=" " ind2=" ">
    <subfield code="0">0</subfield>
    <subfield code="1">0</subfield>
    <subfield code="4">0</subfield>
    <subfield code="7">0</subfield>
    <subfield code="a">BCEJYS</subfield>
    <subfield code="b">BCEJYS</subfield>
    <subfield code="c">17</subfield>
    <subfield code="d">2007-01-01</subfield>
    <subfield code="h">ene./dic. 2007</subfield>
    <subfield code="l">0</subfield>
    <subfield code="o">H330 BAL 2007</subfield>
    <subfield code="p">R13969</subfield>
    <subfield code="r">2026-04-10 16:08:48</subfield>
    <subfield code="w">2026-04-10</subfield>
    <subfield code="y">RN</subfield>
  </datafield>
  <datafield tag="952" ind1=" " ind2=" ">
    <subfield code="0">0</subfield>
    <subfield code="1">0</subfield>
    <subfield code="4">0</subfield>
    <subfield code="7">0</subfield>
    <subfield code="a">BCEJYS</subfield>
    <subfield code="b">BCEJYS</subfield>
    <subfield code="c">17</subfield>
    <subfield code="d">2006-01-01</subfield>
    <subfield code="h">ene./dic. 2006</subfield>
    <subfield code="l">0</subfield>
    <subfield code="o">H330 BAL 2006</subfield>
    <subfield code="p">R01351</subfield>
    <subfield code="r">2026-04-10 16:08:48</subfield>
    <subfield code="w">2026-04-10</subfield>
    <subfield code="y">RN</subfield>
  </datafield>
  <datafield tag="952" ind1=" " ind2=" ">
    <subfield code="0">0</subfield>
    <subfield code="1">0</subfield>
    <subfield code="4">0</subfield>
    <subfield code="7">0</subfield>
    <subfield code="a">BCEJYS</subfield>
    <subfield code="b">BCEJYS</subfield>
    <subfield code="c">17</subfield>
    <subfield code="d">2005-01-01</subfield>
    <subfield code="h">ene./dic. 2005</subfield>
    <subfield code="l">0</subfield>
    <subfield code="o">H330 BAL 2005</subfield>
    <subfield code="p">R01793</subfield>
    <subfield code="r">2026-04-10 16:08:48</subfield>
    <subfield code="w">2026-04-10</subfield>
    <subfield code="y">RN</subfield>
  </datafield>
  <datafield tag="952" ind1=" " ind2=" ">
    <subfield code="0">0</subfield>
    <subfield code="1">0</subfield>
    <subfield code="4">0</subfield>
    <subfield code="7">0</subfield>
    <subfield code="a">BCEJYS</subfield>
    <subfield code="b">BCEJYS</subfield>
    <subfield code="c">17</subfield>
    <subfield code="d">2004-01-01</subfield>
    <subfield code="h">ene./dic. 2004</subfield>
    <subfield code="l">0</subfield>
    <subfield code="o">H330 BAL 2004</subfield>
    <subfield code="p">R00038</subfield>
    <subfield code="r">2026-04-10 16:08:48</subfield>
    <subfield code="w">2026-04-10</subfield>
    <subfield code="y">RN</subfield>
  </datafield>
  <datafield tag="952" ind1=" " ind2=" ">
    <subfield code="0">0</subfield>
    <subfield code="1">0</subfield>
    <subfield code="4">0</subfield>
    <subfield code="7">0</subfield>
    <subfield code="a">BCEJYS</subfield>
    <subfield code="b">BCEJYS</subfield>
    <subfield code="c">17</subfield>
    <subfield code="d">2003-01-01</subfield>
    <subfield code="h">ene./dic. 2003</subfield>
    <subfield code="l">0</subfield>
    <subfield code="o">H330 BAL 2003</subfield>
    <subfield code="p">R01352</subfield>
    <subfield code="r">2026-04-10 16:08:48</subfield>
    <subfield code="w">2026-04-10</subfield>
    <subfield code="y">RN</subfield>
  </datafield>
  <datafield tag="952" ind1=" " ind2=" ">
    <subfield code="0">0</subfield>
    <subfield code="1">0</subfield>
    <subfield code="4">0</subfield>
    <subfield code="7">0</subfield>
    <subfield code="a">BCEJYS</subfield>
    <subfield code="b">BCEJYS</subfield>
    <subfield code="c">17</subfield>
    <subfield code="d">2002-01-01</subfield>
    <subfield code="h">ene./dic. 2002</subfield>
    <subfield code="l">0</subfield>
    <subfield code="o">H330 BAL 2002</subfield>
    <subfield code="p">R00037</subfield>
    <subfield code="r">2026-04-10 16:08:48</subfield>
    <subfield code="w">2026-04-10</subfield>
    <subfield code="y">RN</subfield>
  </datafield>
  <datafield tag="952" ind1=" " ind2=" ">
    <subfield code="0">0</subfield>
    <subfield code="1">0</subfield>
    <subfield code="4">0</subfield>
    <subfield code="7">0</subfield>
    <subfield code="a">BCEJYS</subfield>
    <subfield code="b">BCEJYS</subfield>
    <subfield code="c">17</subfield>
    <subfield code="d">2002-01-01</subfield>
    <subfield code="h">ene./dic. 2002</subfield>
    <subfield code="l">0</subfield>
    <subfield code="o">H330 BAL 2002 Ej.2</subfield>
    <subfield code="p">R13974</subfield>
    <subfield code="r">2026-04-10 16:08:48</subfield>
    <subfield code="w">2026-04-10</subfield>
    <subfield code="y">RN</subfield>
  </datafield>
  <datafield tag="952" ind1=" " ind2=" ">
    <subfield code="0">0</subfield>
    <subfield code="1">0</subfield>
    <subfield code="4">0</subfield>
    <subfield code="7">0</subfield>
    <subfield code="a">BCEJYS</subfield>
    <subfield code="b">BCEJYS</subfield>
    <subfield code="c">17</subfield>
    <subfield code="d">2001-01-01</subfield>
    <subfield code="h">ene./dic. 2001</subfield>
    <subfield code="l">0</subfield>
    <subfield code="o">H330 BAL 2001</subfield>
    <subfield code="p">R01350</subfield>
    <subfield code="r">2026-04-10 16:08:48</subfield>
    <subfield code="w">2026-04-10</subfield>
    <subfield code="y">RN</subfield>
  </datafield>
  <datafield tag="952" ind1=" " ind2=" ">
    <subfield code="0">0</subfield>
    <subfield code="1">0</subfield>
    <subfield code="4">0</subfield>
    <subfield code="7">0</subfield>
    <subfield code="a">BCEJYS</subfield>
    <subfield code="b">BCEJYS</subfield>
    <subfield code="c">17</subfield>
    <subfield code="d">2000-01-01</subfield>
    <subfield code="h">ene./dic. 2000</subfield>
    <subfield code="l">0</subfield>
    <subfield code="o">H330 BAL 2000</subfield>
    <subfield code="p">R13970</subfield>
    <subfield code="r">2026-04-10 16:08:48</subfield>
    <subfield code="w">2026-04-10</subfield>
    <subfield code="y">RN</subfield>
  </datafield>
  <datafield tag="952" ind1=" " ind2=" ">
    <subfield code="0">0</subfield>
    <subfield code="1">0</subfield>
    <subfield code="4">0</subfield>
    <subfield code="7">0</subfield>
    <subfield code="a">BCEJYS</subfield>
    <subfield code="b">BCEJYS</subfield>
    <subfield code="c">17</subfield>
    <subfield code="d">2000-01-01</subfield>
    <subfield code="h">ene./dic. 2000</subfield>
    <subfield code="l">0</subfield>
    <subfield code="o">H330 BAL 2000 Ej.2</subfield>
    <subfield code="p">R13973</subfield>
    <subfield code="r">2026-04-10 16:08:48</subfield>
    <subfield code="w">2026-04-10</subfield>
    <subfield code="y">RN</subfield>
  </datafield>
  <datafield tag="952" ind1=" " ind2=" ">
    <subfield code="0">0</subfield>
    <subfield code="1">0</subfield>
    <subfield code="4">0</subfield>
    <subfield code="7">0</subfield>
    <subfield code="a">BCEJYS</subfield>
    <subfield code="b">BCEJYS</subfield>
    <subfield code="c">17</subfield>
    <subfield code="d">1999-01-01</subfield>
    <subfield code="h">ene./dic. 1999</subfield>
    <subfield code="l">0</subfield>
    <subfield code="o">H330 BAL 1999</subfield>
    <subfield code="p">R00036</subfield>
    <subfield code="r">2026-04-10 16:08:48</subfield>
    <subfield code="w">2026-04-10</subfield>
    <subfield code="y">RN</subfield>
  </datafield>
  <datafield tag="952" ind1=" " ind2=" ">
    <subfield code="0">0</subfield>
    <subfield code="1">0</subfield>
    <subfield code="4">0</subfield>
    <subfield code="7">0</subfield>
    <subfield code="a">BCEJYS</subfield>
    <subfield code="b">BCEJYS</subfield>
    <subfield code="c">17</subfield>
    <subfield code="d">1998-12-01</subfield>
    <subfield code="h">ene./dic. 1998</subfield>
    <subfield code="l">0</subfield>
    <subfield code="o">H330 BAL 1998</subfield>
    <subfield code="p">R13936</subfield>
    <subfield code="r">2026-04-10 16:08:48</subfield>
    <subfield code="w">2026-04-10</subfield>
    <subfield code="y">RN</subfield>
  </datafield>
</record>
